| 000 | 00435 a2200157 4500 | ||
|---|---|---|---|
| 999 |
_c6033 _d6033 |
||
| 020 | _a1779031602 | ||
| 050 | _aP 118.4 MUS 2001 | ||
| 100 |
_aMusumhi, E.J. _eauthor |
||
| 245 |
_aStep in new primary english _b:grade 5 pupils' book _cE.J.Musumhi & J.Yon |
||
| 264 |
_aHarare : _bLongman _c2001 |
||
| 300 |
_a133p. : _bill. |
||
| 500 | _aText | ||
| 650 | _aEnglish language | ||
| 700 |
_aYon, J. _eauthor |
||
| 942 |
_2lcc _cBK _h118.4 _iMUS _kP |
||